000 00572nam a2200157Ia 4500
005 20250424120219.0
008 250424s9999 xx 000 0 und d
022 _aHD 9715.A2 .I58/
050 _aADSU journal of economics and interrelated disciplines
245 0 _aAdamawa
260 _aUniversity of Washington Graduate School of Business Administration and the Western Finance Association
260 _b2016
260 _cvi, 278 p. :ill. ; 25 cm.
300 _a Budgeting interrelated activities, Studies in mathematical and managerial economics
650 _aSR
999 _c38031
_d38031